DAS WEAVE-G@TE KONZEPT

Bibliographic Details
Main Author: Heinrich L. Hetzer (Author)
Format: Article
Language:German
ISBN:8085655217

MARC

LEADER 00000naa a2200000uu 4500
001 vtls011090231
003 SK-MaSNL
005 20260302110050.0
008 210905|2002 xo |||||||||||||||||ger|
015 |a SNBRA 
035 |a (urnnbn)urn:nbn:sk:snk:ar-a0cpsz 
035 |a (uuid)62c1436c-46a0-41b1-b92a-d68e79096f37 
035 |a urn:nbn:sk:snk-aavvk3 
040 |a SNKBUCL  |b slo  |c SNKBUCL  |e AACR2 
041 0 |a ger 
044 |a xo  |c SK 
100 1 |a Heinrich L. Hetzer  |4 aut  |9 785623 
245 1 0 |a DAS WEAVE-G@TE KONZEPT  |c Heinrich L. Hetzer 
773 0 |t Quo Vadis Textrinum  |d Žilina : NMC, 2002, 2002  |g S. 46-52  |z 8085655217 
958 |a OND 
958 |a article12 
958 |a chapter 
999 |c 1241513  |d 1243443